Compulsory purchase procedure manual (Record no. 106023)

MARC details
000 -LEADER
fixed length control field 01366cam a2200241 4500
001 - CONTROL NUMBER
control field L135360
008 - FIXED-LENGTH DATA ELEMENTS--GENERAL INFORMATION
fixed length control field 061018n2006 000 0 eng u
020 ## - INTERNATIONAL STANDARD BOOK NUMBER
International Standard Book Number 0117832227
-- 9780117832220
035 ## - SYSTEM CONTROL NUMBER
System control number (Sirsi) u135360
041 0# - LANGUAGE CODE
Language code of text/sound track or separate title eng
050 04 - LIBRARY OF CONGRESS CALL NUMBER
Classification number 711.14 $2 18
110 2# - MAIN ENTRY--CORPORATE NAME
Corporate name or jurisdiction name as entry element Bircham Dyson Bell
245 00 - TITLE STATEMENT
Title Compulsory purchase procedure manual
260 ## - PUBLICATION, DISTRIBUTION, ETC.
Place of publication, distribution, etc. Norwich
Name of publisher, distributor, etc. TSO
Date of publication, distribution, etc. 2006
300 ## - PHYSICAL DESCRIPTION
Extent 2v.(looseleaf)
Dimensions 31cm.
Accompanying material +2 CD-ROMs
505 2# - FORMATTED CONTENTS NOTE
Formatted contents note Powers and policy for the compulsory purchase of land -- Contact with people -- Management of the compulsory purchase procedure -- Compulsory purchase procedures.
520 ## - SUMMARY, ETC.
Summary, etc. Provides advice on the steps which need to be taken in exercising powers for the compulsory acquisition of land and sets out good practice guidance on this process. Covers local authority powers and also the powers available to Regional Development Agencies, English Partnerships, Urban Development Corporations and the utilities.
520 ## - SUMMARY, ETC.
Summary, etc. This looseleaf is up-to-date as at August 2009. We have cancelled our subscription and will remove this title from our collection when it becomes out-of-date. Please ask a member of staff for more details.
690 ## - LOCAL SUBJECT ADDED ENTRY--TOPICAL TERM (OCLC, RLIN)
Topical term or geographic name as entry element ENVIRONMENTAL AND LAND CONSULTANCY-PLANNING AND DEVELOPMENT-COMPULSORY PURCHASE AND COMPENSATION
710 1# - ADDED ENTRY--CORPORATE NAME
Corporate name or jurisdiction name as entry element Hammonds
710 1# - ADDED ENTRY--CORPORATE NAME
Corporate name or jurisdiction name as entry element Drivers Jonas
9 (RLIN) 1941
942 ## - ADDED ENTRY ELEMENTS (KOHA)
Suppress in OPAC 0
Holdings
Withdrawn status Lost status Source of classification or shelving scheme Damaged status Not for loan Home library Current library Shelving location Date acquired Total Checkouts Full call number Barcode Date last seen Date last checked out Copy number Price effective from Koha item type
    Dewey Decimal Classification     London London Folio 14/12/2006 4 F711.14 BIR 30073409 06/08/2019 12/05/2009 1 06/08/2019 Book